Statistics for All 50k+ Cities in the United Kingdom with a Map

Click here to take the quiz!

General Stats

  • This quiz has been taken 460 times
  • The average score is 90 of 204

Answers on the Map

Answers color-coded by a green-red scale on the quiz's map according to % correct below.
Loading ...
 

Answer Stats

RegionPopulationCity% Correct
Scotland498,050Edinburgh
97%
London8,992,166London
97%
Scotland623,260Glasgow
96%
Northern Ireland336,610Belfast
96%
Scotland198,000Aberdeen
93%
North East England285,491Newcastle upon Tyne
91%
Wales351,884Cardiff
91%
North West England583,132Liverpool
90%
North West England557,344Manchester
90%
West Midlands1,159,114Birmingham
88%
South East England269,781Southampton
87%
Yorkshire and the Humber507,720Leeds
87%
South West England576,813Bristol
86%
Wales185,166Swansea
86%
South East England249,048Portsmouth
85%
South West England240,962Plymouth
85%
East of England149,643Cambridge
83%
East Midlands473,216Leicester
83%
Scotland148,600Dundee
83%
South East England163,938Oxford
83%
South East England244,329Brighton and Hove
83%
East Midlands313,778Nottingham
82%
Yorkshire and the Humber163,571York
82%
East of England197,013Norwich
81%
Yorkshire and the Humber288,651Kingston upon Hull
81%
Yorkshire and the Humber549,362Sheffield
81%
Northern Ireland85,050Derry/Londonderry
80%
South West England124,856Exeter
77%
West Midlands375,873Coventry
75%
North West England145,446Blackpool
74%
South West England198,296Bournemouth
74%
South East England230,046Reading
74%
South West England103,361Bath
74%
North East England175,021Sunderland
73%
North West England87,780Chester
73%
South West England147,357Gloucester
73%
East Midlands264,253Derby
73%
North East England177,012Middlesbrough
72%
East of England149,293Ipswich
72%
West Midlands277,528Stoke-on-Trent
72%
Wales134,920Newport
71%
West Midlands219,992Wolverhampton
71%
Yorkshire and the Humber363,604Bradford
71%
East Midlands229,837Northampton
70%
East Midlands106,047Lincoln
69%
East of England222,457Luton
67%
West Midlands103,355Worcester
66%
East of England177,683Peterborough
65%
East of England184,437Southend-on-Sea
65%
North West England120,065Blackburn
64%
North West England74,780Carlisle
63%
North West England99,427Preston
63%
North West England203,389Bolton
62%
South East England184,355Milton Keynes
61%
East of England136,268Colchester
61%
South West England192,599Swindon
60%
Yorkshire and the Humber171,506Huddersfield
59%
South East England164,455Slough
58%
North West England107,076Wigan
58%
North East England53,717Durham
57%
Yorkshire and the Humber115,754Doncaster
57%
North West England51,324Lancaster
57%
South East England63,171Canterbury
56%
West Midlands63,935Hereford
55%
South West England159,108Poole
55%
East of England141,428Watford
55%
Yorkshire and the Humber88,565Grimsby
52%
Wales61,420Wrexham
52%
South West England117,836Cheltenham
51%
North West England118,894Salford
50%
South East England93,685Hastings
50%
North West England172,192Warrington
50%
Yorkshire and the Humber98,075Barnsley
50%
East of England117,592Chelmsford
49%
East of England92,847Bedford
48%
South East England113,918Eastbourne
48%
Yorkshire and the Humber111,097Rotherham
46%
North West England107,033Oldham
46%
South West England51,126Torquay
46%
North West England145,039Birkenhead
45%
Yorkshire and the Humber106,325Wakefield
45%
North East England122,403Gateshead
45%
East of England87,032St Albans
44%
West Midlands150,811Telford
44%
North West England82,967Burnley
44%
South East England118,899Maidstone
44%
West Midlands75,711Shrewsbury
43%
Yorkshire and the Humber91,938Halifax
43%
North West England79,876Bury
42%
South East England112,529Crawley
42%
North East England93,124Darlington
42%
East Midlands89,282Chesterfield
42%
South West England88,157Weston-super-Mare
41%
West Midlands70,799Stafford
41%
West Midlands78,438West Bromwich
41%
Yorkshire and the Humber61,892Scarborough
41%
South East England107,849Woking
41%
South East England108,621Gillingham
41%
North West England93,758Southport
40%
West Midlands83,980Dudley
40%
West Midlands127,351Solihull
40%
North West England104,951St Helens
40%
South East England114,662Worthing
39%
Yorkshire and the Humber83,072Scunthorpe
39%
North West England110,562Stockport
39%
South East England65,410Margate
39%
Yorkshire and the Humber74,461Harrogate
38%
North East England89,744Hartlepool
38%
South West England63,100Taunton
37%
North West England112,816Rochdale
37%
East Midlands82,091Mansfield
37%
North West England74,240Crewe
36%
South West England55,251Weymouth
36%
North West England56,287Macclesfield
36%
South East England85,970Guildford
36%
South East England114,170Basingstoke
36%
Scotland77,310Paisley
35%
East of England116,573Basildon
35%
West Midlands75,700Rugby
34%
Northern Ireland63,090Bangor
34%
South East England123,987High Wycombe
34%
East Midlands60,298Kettering
34%
West Midlands72,541Walsall
34%
East Midlands66,611Loughborough
33%
North East England76,658South Shields
33%
South East England53,451Folkestone
33%
South East England66,245Rochester
33%
East of England93,979Stevenage
32%
West Midlands89,635Nuneaton
31%
West Midlands57,812Royal Leamington Spa
31%
Wales57,420Barry
31%
East of England102,364Hemel Hempstead
31%
South East England74,694Ashford
30%
Scotland57,030Livingston
30%
North West England137,913Sale
30%
South East England67,793Maidenhead
30%
West Midlands107,732Sutton Coldfield
29%
West Midlands57,918Kidderminster
29%
East of England73,755Lowestoft
29%
Scotland54,230Hamilton
28%
Wales51,084Neath
28%
West Midlands76,515Burton upon Trent
28%
West Midlands73,908Tamworth
25%
Scotland54,050Dunfermline
25%
East Midlands61,101Corby
25%
South East England87,099Aylesbury
24%
Scotland50,180Kirkcaldy
24%
South East England82,728Eastleigh
24%
South East England60,791Royal Tunbridge Wells
23%
North West England52,079Bootle
23%
West Midlands82,824Redditch
23%
South East England65,802Farnborough
23%
South West England56,498Christchurch
23%
South East England58,576Aldershot
23%
Scotland75,390East Kilbride
22%
South East England73,782Gosport
22%
North East England84,696Stockton-on-Tees
22%
South East England69,888Bognor Regis
22%
South East England80,557Chatham
22%
South East England58,361Gravesend
22%
West Midlands79,465Newcastle-under-Lyme
21%
North East England69,023Tynemouth
21%
North West England55,883Altrincham
21%
North West England61,629Ellesmere Port
21%
East of England86,721Harlow
21%
North West England63,829Widnes
21%
Yorkshire and the Humber66,506Dewsbury
20%
North East England66,947Washington
20%
Yorkshire and the Humber53,393Keighley
20%
South West England66,905Paignton
20%
North West England62,116Runcorn
20%
South East England84,469Bracknell
19%
Scotland50,430Cumbernauld
18%
West Midlands64,665Stourbridge
18%
East of England53,685Clacton-on-Sea
18%
North West England60,874Wallasey
18%
East of England74,810Grays
17%
East of England54,977Brentwood
17%
West Midlands70,198Cannock
17%
East of England99,345Rayleigh
17%
East of England51,180Welwyn Garden City
17%
South East England58,858Littlehampton
16%
Yorkshire and the Humber83,027Batley
16%
West Midlands59,577Halesowen
16%
South East England50,934Horsham
16%
South West England68,587Filton
16%
South East England52,674Esher
16%
East Midlands53,012Wellingborough
15%
East Midlands53,737Beeston
15%
South East England50,817Shoreham-by-Sea
14%
North West England50,197Crosby
12%
South East England68,808Walton-on-Thames
12%
West Midlands53,047Smethwick
12%
South East England53,091Sittingbourne
12%
Northern Ireland66,850Newtownabbey
11%
South East England54,426Ewell
10%
North West England68,477Bamber Bridge
10%
West Midlands51,010Kingswinford
9%
West Midlands53,144Willenhall
9%
Northern Ireland70,250Craigavon
9%
West Midlands51,724Bloxwich
8%
North West England58,150Bebington
8%
East Midlands50,743Carlton
8%
North West England72,660Atherton
7%

Score Distribution

Percentile by Number Answered

Percent of People with Each Score

Your Score History

You have not taken this quiz